Law : made simple

محفوظ في:
التفاصيل البيبلوغرافية
المؤلف الرئيسي: Padfield, Colin Frank
مؤلفون آخرون: Barker, D. L. A.
التنسيق: كتاب
منشور في: London : Heinemann, 1985
الموضوعات:
الوسوم: إضافة وسم
لا توجد وسوم, كن أول من يضع وسما على هذه التسجيلة!

MARC

LEADER 00000nam a2200000 4500
020 |a 0434984760 
040 |a MUL  |b eng.  |e AACR 
082 |a 344.2 PAD 
100 |a Padfield, Colin Frank  
245 |a  Law :   |b made simple  |c / Colin Frank Padfield and D. L. A. Barker 
260 |a London :  |b Heinemann,  |c 1985 
300 |a xvi, 426 p. :  |c 24 cm 
504 |a Includes index 
546 |a eng. 
650 |a Legal sources  
700 |a Barker, D. L. A.  
942 |c BK 
999 |c 9839  |d 9839